LIBRARY & INFORMATION CENTRE, KCAET, TAVANUR

ONLINE PUBLIC ACCESS CATALOGUE (OPAC)

Normal view MARC view
  • MOHANAN C. K

Entry Personal Name

Number of records used in: 2

001 - CONTROL NUMBER

  • control field: 2854

003 - CONTROL NUMBER IDENTIFIER

  • control field: OSt

005 - DATE AND TIME OF LATEST TRANSACTION

  • control field: 20180216152805.0

008 - FIXED-LENGTH DATA ELEMENTS

  • fixed length control field: 180216|| aca||aabn | a|a d

040 ## - CATALOGING SOURCE

  • Original cataloging agency: OSt
  • Transcribing agency: OSt

100 ## - HEADING--PERSONAL NAME

  • Personal name: MOHANAN C. K

670 ## - SOURCE DATA FOUND

  • Source citation: Work cat.: (OSt): MOHANAN C. K, Field testing and evaluation of a two layer soil water balance model
free website counter